| 000 | 00441nam a2200181Ia 4500 | ||
|---|---|---|---|
| 003 | OSt | ||
| 005 | 20250923173848.0 | ||
| 008 | 210423s1977 xx 000 0 und d | ||
| 040 | _cAL | ||
| 041 | _aEnglish | ||
| 082 |
_a304.8 _bCERA |
||
| 100 |
_aCerak _9103342 |
||
| 245 | _aAlienated everywhere | ||
| 260 |
_aBangalore _bBangalore university _c1977 |
||
| 300 |
_aiii,276 _bPB |
||
| 906 | _aAlienated ; everywhere. | ||
| 942 |
_2ddc _cBK |
||
| 999 |
_c171999 _d171999 |
||